| 000 | 01630nam a2200409Ia 4500 | ||
|---|---|---|---|
| 001 | ebr10631231 | ||
| 003 | CaPaEBR | ||
| 006 | m u | ||
| 007 | cr cn||||||||| | ||
| 008 | 120716s2012 ne sb 001 0 eng d | ||
| 010 | _z 2012028402 | ||
| 020 | _z9789027223937 (alk. paper) | ||
| 020 | _z9027223939 (alk. paper) | ||
| 020 | _z9789027273246 (eb) | ||
| 020 | _z9027273243 (eb) | ||
| 040 |
_aCaPaEBR _cCaPaEBR |
||
| 035 | _a(OCoLC)820787549 | ||
| 041 | 0 |
_aeng _acai |
|
| 050 | 1 | 4 |
_aPM3711.1 _b.C37 2012eb |
| 082 | 0 | 4 |
_a497/.454 _223 |
| 100 | 1 | _aCasad, Eugene H. | |
| 245 | 1 | 0 |
_aFrom space to time _h[electronic resource] : _ba cognitive analysis of the Cora locative system and its temporal extensions / _cEugene H. Casad ; edited by Klaus-Uwe Panther, Linda L. Thornburg. |
| 260 |
_aAmsterdam ; _aPhiladelphia : _bJohn Benjamins Pub. Co., _c2012. |
||
| 300 | _axviii, 263 p. | ||
| 490 | 0 |
_aHuman cognitive processing ; _vv. 39 |
|
| 504 | _aIncludes bibliographical references and index. | ||
| 533 |
_aElectronic reproduction. _bPalo Alto, Calif. : _cebrary, _d2011. _nAvailable via World Wide Web. _nAccess may be limited to ebrary affiliated libraries. |
||
| 650 | 0 |
_aCora language _xGrammar. |
|
| 650 | 0 | _aSpace and time in language. | |
| 650 | 0 | _aLinguistic analysis (Linguistics) | |
| 650 | 0 | _aCognitive grammar. | |
| 655 | 7 |
_aElectronic books. _2local |
|
| 700 | 1 |
_aPanther, Klaus-Uwe, _d1942- |
|
| 700 | 1 | _aThornburg, Linda L. | |
| 710 | 2 | _aebrary, Inc. | |
| 856 | 4 | 0 |
_uhttp://site.ebrary.com/lib/rucke/Doc?id=10631231 _zAn electronic book accessible through the World Wide Web; click to view |
| 999 |
_c70385 _d70385 |
||